Aktuálne otázky rozvoja Základy nášho politického systému

Bibliographic Details
Main Authors: Mošner, Otakar (Author), Veliký, Marián, 1940- (Author)
Format: Article
Language:Slovak
Subjects:

MARC

LEADER 00000nab a2200000 a 4500
001 vtls000090316
003 SK-MaSNL
005 20260303032236.0
008 111103c1981 xo 0 slo
015 |a SNBRB19rr/mm-uuuuu 
035 |a CL0100419 
040 |a SNKBUCL  |b slo  |c SNKBUCL  |e AACR2 
041 0 |a slo 
044 |a xo  |c SK 
080 |a 321  |2 1981 
100 1 |a Mošner, Otakar  |4 aut  |9 279320 
245 1 0 |a Aktuálne otázky rozvoja  |b Základy nášho politického systému  |c Otakar Mošner ; Marián Veliký 
650 0 7 |a ČSSR  |2 snkbucl  |9 335647 
655 7 |a články z novín a časopisov  |2 snkbucl  |9 267496 
700 1 |a Veliký, Marián,  |d 1940-  |4 aut  |9 21095 
773 0 |t Nové slovo  |g Roč. 23, č. 24 (1981), s. 8 
787 0 8 |i Rec.:  |a Veliký, Marián  |t Základné otázky politického systému ČSSR  |d Bratislava : Veda, 1981 
850 |a Slovenská národná knižnica v Martine  |a MTA001 
852 |a SNK  |b KIS3GCP 
958 |a RK 
992 |a RBX 
999 |c 1663194  |d 1665124